000 00393nam a22001577a 4500
003 MPLRDC
005 20220104172918.0
008 210129b ||||| |||| 00| 0 eng d
082 _a523.315 KBSR 3A 1984
100 _a不详
245 _aKBSR ENGLISH COURSE 4B, SRJK(C)
_c
260 _a
_bTHE MALAYA PRESS SDN BHD
_c1984
300 _b
650 _a
942 _cBK
_o523.315 KBSR 3A 1984
999 _c59171
_d59161